00936nam a22001937a 4500003000900000008004100009040007100050082001700121100002900138245011000167260003900277300002600316505029400342650001700636650002300653650002200676650002700698650001700725AR-CdUCM190225b ||||| |||| 00| 0 spa d aMUNICIPALIDAD PROVINCIAL DEL CUSCOcBIBLIOTECA MUNICIPAL DEL CUSCO a320.5 /bR78 aRojas Oviedo, Roberto S. aPerú: País sin identidad cultural :bDel eurocentrismo a la cultura global /cRoberto s. Rojas Oviedo aCusco :bEdmundo Pantigoso,c2001. a517 paginas ;c20 cm. aTeorías baldías relacionadas al continente americano -- divergencia cultural europea y cultura nacional -- Cultura política y vigencia del estado -- régimen, partido político, desarrollo, dependencia, identidad cultural y nacionalismo -- Ideología y procesos de reflexión ... aNacionalismo aIdentidad cultural aMulticulturalismo aIdeología política aNacionalismo